Konštrukcia pozemných stavieb pre odbor Ekonomika a riadenie stavebníctva /

Saved in:
Bibliographic Details
Main Author: Szomolányiová, Klára 1937
Other Authors: Tužinský, Imrich, Špička, Peter
Format: Book
Language:Slovak
Published: Bratislava : Slovenská vysoká škola technická v Bratislave, 1981
Subjects:
Online Access: Get full text
Tags: Add Tag
No Tags, Be the first to tag this record!

MARC

LEADER 00000nam a2200000 4500
003 SK-BrCVT
005 20220617143240.0
008 910601s1981 cs e ||||||slo d
035 |a CVTIDW0891514 
040 |b slo  |a CVTI SR 
041 0 |a slo 
044 |a cs 
080 |a 624.01(075.8)  |2 UDC-MRF 
100 1 |a Szomolányiová, Klára  |d 1937, 
245 1 0 |a Konštrukcia pozemných stavieb pre odbor Ekonomika a riadenie stavebníctva /  |c Klára Szomolányiová, Imrich Tužinský, Peter Špička 
260 |a Bratislava :  |b Slovenská vysoká škola technická v Bratislave,  |c 1981 
300 |a 322 s. :  |b lit., obr., tab. ; 
653 1 |a konštrukcia  |a pozemná stavba  |a ekonomika  |a riadenie 
692 |a PO MM 
700 1 |a Tužinský, Imrich 
700 1 |a Špička, Peter 
910 |b S523890 
974 |f Knihy 
992 |a ASK 
999 |c 38721  |d 38721